000 00359nam a2200157Ia 4500
008 151213s9999 xx 000 0 und d
020 _a81-219-2555-x
100 _aTheraza
245 _aBasic Electronics
_cTheraza
260 _aNew Delhi
_bS.Chand
_c2010
300 _a8726 p.
650 _aE E E
650 _ascience
700 _aTheraza
999 _c4512
_d4512